年内VOCALOID伝説入り楽曲 - Statistics

General Stats
  • This quiz has been taken 78 times
    47 since last reset
  • The average score is 53 of 130
Answer Stats
楽曲 投稿日 達成日(達成までの日数) % Correct
千本桜 2011/9/17 11/10/29 18:50(42日)
86%
メズマライザー 2024/4/27 24/05/12 16:33(14日)
81%
マトリョシカ 2010/8/19 10/09/21 14:41(33日)
78%
ヴァンパイア 2021/3/9 21/05/16 22:37(68日)
78%
KING 2020/8/2 20/10/10 15:22(68日)
78%
モニタリング 2024/11/22 24/12/29 06:53(36日)
75%
アンノウン・マザーグース 2017/8/22 17/10/13 01:40(51日)
72%
みくみくにしてあげる♪ 2007/9/20 07/10/15 22:18(25日)
69%
炉心融解(再投稿版) 2009/8/30 09/12/16 21:31(108日)
69%
ワールズエンド・ダンスホール 2010/5/18 10/06/17 06:53(30日)
69%
ローリンガール 2010/2/14 10/06/28 21:52(134日)
69%
ドーナツホール 2013/10/28 13/12/25 18:14(58日)
69%
ワールドイズマイン 2008/5/31 08/08/17 01:30(78日)
67%
ロストワンの号哭 2013/3/4 13/05/24 19:58(81日)
67%
ゴーストルール 2016/1/8 16/02/27 09:53(49日)
67%
砂の惑星 2017/7/21 17/07/27 22:19(6日)
67%
ヒバナ 2017/8/4 17/10/19 23:27(76日)
67%
テトリス 2024/11/8 24/12/12 12:37(33日)
67%
弱虫モンブラン 2010/4/15 10/09/23 23:43(161日)
64%
パンダヒーロー 2011/1/23 11/03/07 00:35(43日)
64%
エイリアンエイリアン 2016/4/5 16/08/03 23:22(120日)
64%
テレキャスタービーボーイ 2019/4/13 19/12/23 13:18(253日)
64%
初音ミクの消失 -DEAD END- 2008/4/8 08/11/11 18:56(217日)
64%
モザイクロール 2010/7/15 10/08/10 17:33(26日)
61%
六兆年と一夜物語 2012/4/11 12/07/01 18:23(81日)
61%
ロキ 2018/2/27 18/04/22 18:03(53日)
61%
乙女解剖 2019/1/18 19/02/07 21:35(20日)
61%
エンヴィーベイビー 2021/2/13 21/04/29 21:15(75日)
61%
神っぽいな 2021/9/17 21/12/09 21:41(83日)
61%
転生林檎 2022/6/3 22/10/24 21:12(143日)
61%
QUEEN 2022/8/6 22/11/01 23:31(87日)
61%
チルドレンレコード 2012/7/21 12/08/18 15:04(28日)
58%
脱法ロック 2016/6/19 16/08/20 09:29(62日)
58%
フォニイ 2021/6/9 21/08/25 06:25(80日)
58%
バグ 2022/6/25 22/09/04 19:35(71日)
58%
強風オールバック 2023/3/15 23/05/05 23:47(51日)
58%
ラビットホール 2023/5/19 23/07/22 08:09(63日)
58%
人マニア 2023/8/6 23/10/11 07:14(65日)
58%
ロミオとシンデレラ 2009/4/6 09/07/09 13:45(94日)
56%
ビターチョコデコレーション 2019/1/4 19/04/29 15:00(114日)
56%
トンデモワンダーズ 2021/6/19 21/11/22 12:34(155日)
56%
アイデンティティ 2022/1/9 22/05/23 07:01(133日)
56%
イガク 2024/2/23 24/03/20 22:50(26日)
56%
ブラック★ロックシューター 2008/6/13 08/10/01 22:10(110日)
53%
天ノ弱 2011/5/28 11/12/04 14:19(190日)
53%
太陽系デスコ 2017/1/20 17/06/24 14:52(154日)
53%
アンハッピーリフレイン 2011/5/2 11/06/19 00:50(48日)
50%
セツナトリップ 2012/5/3 12/08/12 15:05(101日)
50%
サマータイムレコード 2013/9/2 13/12/16 17:21(105日)
50%
拝啓ドッペルゲンガー 2017/5/31 17/07/21 13:11(50日)
50%
劣等上等 2018/7/13 18/08/30 21:46(48日)
50%
ヴィラン 2020/2/7 20/09/13 16:14(218日)
50%
マーシャル・マキシマイザー 2021/8/21 21/11/28 08:36(99日)
50%
匿名M 2023/2/17 23/04/18 21:32(60日)
50%
いーあるふぁんくらぶ 2012/8/15 12/10/28 00:11(74日)
47%
ロウワー 2021/11/11 21/12/28 17:37(47日)
47%
魔法少女とチョコレゐト 2022/2/25 22/05/24 02:59(87日)
47%
結ンデ開イテ羅刹ト骸 2009/7/6 09/11/09 13:00(126日)
44%
キュートなカノジョ 2021/2/20 21/04/29 14:09(67日)
44%
サラマンダー 2022/1/7 22/08/08 23:58(213日)
44%
酔いどれ知らず 2022/5/2 22/11/30 13:55(211日)
44%
夜咄ディセイブ 2013/2/17 13/03/18 19:47(29日)
42%
ロスタイムメモリー 2013/3/30 13/04/25 21:18(26日)
42%
だれかの心臓になれたなら 2018/2/12 18/09/13 20:56(213日)
42%
深海 2023/4/7 23/06/19 23:11(73日)
42%
テレパシ 2025/02/21 25/05/02 16:11 (69日)
42%
パメラ 2021/10/15 21/11/01 16:52(17日)
39%
恋は戦争 2008/2/22 08/11/04 11:28(256日)
36%
チュルリラ・チュルリラ・ダッダッダ! 2016/2/22 16/05/20 17:17(88日)
36%
ナンセンス文学 2017/5/19 17/11/28 07:51(192日)
36%
デビルじゃないもん 2023/1/13 23/03/02 17:13(47日)
36%
FREELY TOMORROW 2011/7/31 11/08/20 20:40(20日)
36%
ダブルラリアット 2009/2/5 09/03/07 10:14(30日)
33%
オツキミリサイタル 2013/7/2 13/10/22 21:36(112日)
33%
グリーンライツ・セレナーデ 2018/7/6 18/08/04 04:38(28日)
33%
アンヘル 2019/3/30 19/10/09 19:07(192日)
33%
ボッカデラベリタ 2020/4/26 20/08/17 13:22(112日)
33%
㋰責任集合体 2024/5/11 24/11/13 16:26(186日)
33%
magnet 2009/5/1 09/09/06 23:30(128日)
33%
おちゃめ機能 2010/4/1 10/11/24 00:05(236日)
31%
イカサマライフゲイム 2012/2/8 12/06/07 00:33(120日)
31%
コノハの世界事情 2012/3/30 12/07/27 14:21(119日)
31%
如月アテンション 2012/5/27 12/08/22 19:47(87日)
31%
アヤノの幸福理論 2013/4/22 13/07/19 11:33(88日)
31%
雨とペトラ 2017/3/9 17/07/20 21:38(133日)
31%
シネマ 2021/5/8 21/10/27 12:18(171日)
31%
ザムザ 2023/4/7 23/06/05 16:01(58日)
31%
ザムザ(セカイver.ゲームサイズ) 2023/3/28 23/05/29 19:31(61日)
31%
ビバハピ 2013/7/26 13/09/08 15:03(44日)
28%
夕景イエスタデイ 2013/8/4 13/12/27 10:11(145日)
28%
すきなことだけでいいです 2016/5/1 16/11/05 12:23(188日)
28%
Just Be Friends 2009/7/4 09/11/07 03:31(126日)
28%
アウターサイエンス 2013/8/31 13/11/17 21:20(78日)
25%
メリーバッドエンド 2018/2/2 18/07/15 10:43(162日)
25%
群青讃歌 2021/9/30 21/11/15 12:47(45日)
25%
パラサイト 2022/2/7 22/11/07 08:11(272日)
25%
罪の名前 2016/6/10 16/11/13 20:14(125日)
22%
彗星ハネムーン 2017/4/6 17/09/10 13:16(156日)
22%
アウトサイダー 2018/4/6 18/09/20 11:48(166日)
22%
ノマド 2022/3/28 22/05/19 07:49(51日)
22%
花に風 2023/2/10 23/06/07 22:57(117日)
22%
Bad ∞ End ∞ Night 2012/1/15 12/11/04 22:41(294日)
22%
Summering 2024/10/3 24/12/30 21:15(88日)
22%
想像フォレスト 2012/2/1 12/06/15 01:04(135日)
19%
全く身にならないソング 2015/3/12 15/10/13 02:22(215日)
19%
はやくそれになりたい! 2017/5/11 17/10/10 02:18(151日)
19%
ド屑 2022/3/5 22/10/26 05:48(234日)
19%
新人類 2023/3/19 23/08/11 16:30(145日)
19%
恋愛勇者 2012/1/20 12/09/11 06:14(235日)
17%
ストリーミングハート 2014/3/21 14/12/03 23:58(257日)
17%
明星ギャラクティカ 2018/2/20 18/12/29 11:36(311日)
17%
孤独の宗教 2020/2/3 20/11/17 18:29(287日)
17%
限りなく灰色へ 2021/2/26 21/11/03 01:38(249日)
17%
ヒアソビ 2022/3/13 22/10/26 21:05(227日)
17%
ももいろの鍵 2023/5/31 23/09/14 20:05(105日)
17%
ダイダイダイダイダイキライ 2025/03/15 25/05/29 07:55 (74日)
17%
十面相 2011/1/14 11/10/07 22:52(266日)
14%
ぶっちぎりにしてあげる♪ 2008/1/1 08/12/01 00:36(335日)
11%
こちら、幸福安心委員会です。 2012/6/15 12/07/31 21:12(46日)
11%
ボーカロイドたちがただ叫ぶだけ 2016/8/14 16/12/31 21:26(139日)
11%
アカリがやってきたぞっ 2018/9/22 18/10/31 22:23(39日)
11%
たべるんごのうた 2020/1/11 20/04/10 22:35(90日)
11%
お呪い 2023/2/6 23/12/29 10:23(325日)
11%
RIP=RELEASE 2009/1/30 09/05/10 14:22(100日)
11%
レクイエム 2023/4/22 23/07/03 07:02(71日)
8%
リアライズ 2023/8/19 23/12/05 17:37(107日)
6%
おすしのおしり 2023/11/1 23/12/22 16:25(50日)
6%
ひつじがいっぴき(セカイver.) 2023/2/26 23/06/14 19:03(107日)
6%
キティ(セカイver.) 2023/5/12 23/09/19 21:26(130日)
6%
THE WORLDS 2013/1/18 13/10/08 23:39(263日)
3%
No matching quizzes found
Score Distribution
Percent of People with Each Score
Percentile by Number Answered
Your Score History
You have not taken this quiz since the last reset